La participation politique: crise et ou renouvellement /

Sábháilte in:
Sonraí bibleagrafaíochta
Príomhchruthaitheoir: Bréchon, Pierre
Formáid: Téacs
Ábhair:
Clibeanna: Cuir clib leis
Níl clibeanna ann, Bí ar an gcéad duine le clib a chur leis an taifead seo!

MARC

LEADER 00000 a a2200000 04500
001 18794
003
040
100 |a Bréchon, Pierre  
245 |a La participation politique:   |b crise et ou renouvellement /  |c Pierre Bréchon 
650 |a ASPECTOS POLITICOS  
650 |a PARTICIPACION POLITICA  
650 |a DEMOCRACIA  
650 |a ELECCIONES  
650 |a VOTACION  
650 |a FRANCIA  
773 |g volumen 2, número 4; páginas 149-163  
999 |c 21883  |d 21883